Программный комплекс автоматического контроля содержания ионов тяжёлых металлов в объектах окружающей среды методом инверсионной вольтамперометрии: автореферат диссертации на соискание ученой степени кандидата технических наук; спец. 05.11.13

Bibliografische gegevens
Hoofdauteur: Кузнецов В. В. Виталий Владимирович
Coauteur: Национальный исследовательский Томский политехнический университет (ТПУ) Институт неразрушающего контроля (ИНК) Кафедра экологии и безопасности жизнедеятельности (ЭБЖ)
Andere auteurs: Романенко С. В. Сергей Владимирович (научный руководитель)
Samenvatting:Заглавие с титульного экрана
Электронная версия печатной публикации
Taal:Russisch
Gepubliceerd in: Томск, 2014
Onderwerpen:
Online toegang:http://www.lib.tpu.ru/fulltext/a/2014/51.pdf
Formaat: Elektronisch Boek
KOHA link:https://koha.lib.tpu.ru/cgi-bin/koha/opac-detail.pl?biblionumber=273906

MARC

LEADER 00000nlm0a2200000 4500
001 273906
005 20240110111629.0
035 |a (RuTPU)RU\TPU\book\297116 
090 |a 273906 
100 |a 20141029d2014 k y0rusy50 ca 
101 0 |a rus 
102 |a RU 
105 |a a dm 001zy 
135 |a drcn ---uucaa 
181 0 |a i  
182 0 |a b 
200 1 |a Программный комплекс автоматического контроля содержания ионов тяжёлых металлов в объектах окружающей среды методом инверсионной вольтамперометрии  |e автореферат диссертации на соискание ученой степени кандидата технических наук  |e спец. 05.11.13  |f В. В. Кузнецов  |g Национальный исследовательский Томский политехнический университет (ТПУ), Институт неразрушающего контроля (ИНК), Кафедра экологии и безопасности жизнедеятельности (ЭБЖ) ; науч. рук. С. В. Романенко 
203 |a Текст  |c электронный 
210 |a Томск  |d 2014 
215 |a 1 файл (833 Kb) 
300 |a Заглавие с титульного экрана 
300 |a Электронная версия печатной публикации 
337 |a Adobe Reader 
452 1 |0 (RuTPU)RU\TPU\book\305967  |t Программный комплекс автоматического контроля содержания ионов тяжёлых металлов в объектах окружающей среды методом инверсионной вольтамперометрии  |o автореферат диссертации на соискание ученой степени кандидата технических наук  |o спец. 05.11.13  |f В. В. Кузнецов  |g Национальный исследовательский Томский политехнический университет (ТПУ) ; науч. рук. С. В. Романенко  |c Томск  |d 2014  |p 19 с.  |a Кузнецов, Виталий Владимирович 
606 1 |a Вольтамперометрия инверсионная  |2 stltpush  |3 (RuTPU)RU\TPU\subj\72717  |9 86121 
606 1 |a Окружающая среда  |x Контроль загрязнения  |2 stltpush  |3 (RuTPU)RU\TPU\subj\38915  |9 59160 
610 1 |a авторефераты диссертаций 
610 1 |a электронный ресурс 
610 1 |a труды учёных ТПУ 
610 1 |a объекты 
610 1 |a вольтамперометрический анализ 
610 1 |a аналитические сигналы 
610 1 |a аналитические пики 
610 1 |a уширение 
610 1 |a компенсация 
610 1 |a идентификация 
610 1 |a тяжелые металлы 
610 1 |a содержание 
610 1 |a автоматический контроль 
610 1 |a программные комплексы 
675 |a 543.552(04)  |v 3 
675 |a 504.064(04)  |v 3 
686 |a 05.11.13  |2 oksvnk 
700 1 |a Кузнецов  |b В. В.  |c специалист в области экологии и безопасности жизнедеятельности  |c инженер Томского политехнического университета  |f 1980-  |g Виталий Владимирович  |3 (RuTPU)RU\TPU\pers\32919 
702 1 |a Романенко  |b С. В.  |c специалист в области экологии и безопасности жизнедеятельности  |c заведующий кафедрой Томского политехнического университета, доктор химических наук  |f 1972-  |g Сергей Владимирович  |3 (RuTPU)RU\TPU\pers\26046  |4 727  |9 11887 
712 0 2 |a Национальный исследовательский Томский политехнический университет (ТПУ)  |b Институт неразрушающего контроля (ИНК)  |b Кафедра экологии и безопасности жизнедеятельности (ЭБЖ)  |3 (RuTPU)RU\TPU\col\18720 
801 2 |a RU  |b 63413507  |c 20150609  |g RCR 
856 4 |u http://www.lib.tpu.ru/fulltext/a/2014/51.pdf 
942 |c CF